Nový systém

Bibliographic Details
Main Author: Bjørnson, Bjørnstjerne, 1832-1910 (Author)
Other Authors: Obuch, Ladislav, 1926-1981 (Translator)
Format: Book
Language:Slovak
PhysicalDescription:72 s. 4°
Published: Bratislava Čs. televízia 1973

MARC

LEADER 00000nam a2200000 a 4500
001 vtls001333803
003 SK-MaSNL
005 20260301065941.0
008 240314s1973 xo 0 slo
035 |a SNK000286728 
040 |a SNK  |b slo  |c SNK  |e AACR2 
044 |a xo  |c SK 
100 1 |a Bjørnson, Bjørnstjerne,  |d 1832-1910  |4 aut  |9 200250 
245 1 0 |a Nový systém  |c Björnstjerne Björnson ; preklad: Ladislav Obuch 
260 |a Bratislava  |b Čs. televízia  |c 1973 
300 |a 72 s.  |c 4° 
700 1 |a Obuch, Ladislav,  |d 1926-1981  |4 trl  |9 117854 
958 |a OND 
999 |c 632579  |d 634509 
952 |t P60, <03>, [BOOK], {603}  |a SNK  |b SNK  |y PREZ  |7 0  |p 17A0662840  |o snkOSB 3045  |i snkKSP 3661/74  |0 0  |1 0  |4 0  |d 1998-06-10  |l 0  |r 2005-01-02 00:00:00  |w 2026-02-23